[Event "Madrid San Viator op-B 30th"]
[Site "Madrid"]
[Date "2018.05.20"]
[Round "6"]
[White "Amador Andujar, Gabriel"]
[Black "Vicioso Barbadillo, Juan J"]
[Result "1-0"]
[WhiteElo "1046"]
[BlackElo "1035"]
[PlyCount "119"]
[EventDate "2018.04.08"]
[EventType "swiss"]
[EventRounds "9"]
[EventCountry "ESP"]
[SourceTitle "EXT 2019"]
[Source "ChessBase"]
[SourceDate "2018.10.10"]
[SourceVersion "1"]
[SourceVersionDate "2018.10.10"]
[SourceQuality "1"]

1. d4 Nf6 2. Nf3 d5 3. Bf4 e6 4. e3 Nc6 5. Bd3 Bd6 6. Bg3 Bxg3 7. fxg3 0-0 8. 0-0 Ng4 9. c3 Nxe3 10. Bxh7+ Kxh7 11. Qd3+ Nf5 12. g4 Qf6 13. gxf5 exf5 14. Qe3 f4 15. Qd2 Bg4 16. Na3 g6 17. Ne1 g5 18. h3 Bf5 19. Nb5 Rfc8 20. Nf3 a6 21. Na3 b5 22. Kf2 Kg6 23. Rh1 Rh8 24. Qe1 Rhe8 25. Qf1 Be4 26. Re1 Bxf3 27. Kxf3 Rxe1 28. Qxe1 Qf5 29. Qd2 Rh8 30. g4 Qe6 31. Qd3+ f5 32. Nc2 Qe4+ 33. Qxe4 fxe4+ 34. Ke2 f3+ 35. Ke3 Rf8 36. Rf1 a5 37. b3 b4 38. c4 dxc4 39. bxc4 a4 40. Kxe4 Rf4+ 41. Ke3 b3 42. axb3 axb3 43. Na3 Nxd4 44. Nb5 Nxb5 45. cxb5 b2 46. Rh1 f2 47. Ke2 Kf6 48. Rf1 Ke5 49. Rb1 Ke4 50. Rf1 Rf3 51. Rb1 Kf4 52. Rf1 Kg3 53. Rb1 Kxh3 54. Kxf3 Kh2 55. Kxf2 Kh3 56. Kf3 Kh2 57. Rxb2+ Kh3 58. Rb1 Kh2 59. Rf1 Kh3 60. Rh1# 1-0

[Event "Madrid San Viator op-B 30th"]
[Site "Madrid"]
[Date "2018.04.15"]
[Round "2"]
[White "Amador Andujar, Gabriel"]
[Black "Del Alamo Fajardo, Fernando"]
[Result "1/2-1/2"]
[WhiteElo "1046"]
[BlackElo "1324"]
[PlyCount "56"]
[EventDate "2018.04.08"]
[EventType "swiss"]
[EventRounds "9"]
[EventCountry "ESP"]
[SourceTitle "EXT 2019"]
[Source "ChessBase"]
[SourceDate "2018.10.10"]
[SourceVersion "1"]
[SourceVersionDate "2018.10.10"]
[SourceQuality "1"]

1. d4 Nf6 2. Nf3 d5 3. Bf4 e6 4. e3 Be7 5. h3 0-0 6. Bd3 c5 7. c3 Nc6 8. Bc2 Qb6 9. b3 cxd4 10. exd4 Re8 11. Qd3 g6 12. 0-0 Bf8 13. Re1 Bd7 14. Qd2 Rac8 15. Bg5 Be7 16. Bxf6 Bxf6 17. Qf4 Bg7 18. Ng5 f5 19. Qh4 h6 20. Nf3 Nxd4 21. Nxd4 Bxd4 22. Qxh6 Bxf2+ 23. Kf1 Bb5+ 24. c4 Bxe1 25. Qxg6+ Kf8 26. Qf6+ Kg8 27. Qg6+ Kf8 28. Qf6+ Kg8 1/2-1/2

[Event "Madrid San Viator op-B 30th"]
[Site "Madrid"]
[Date "2018.04.08"]
[Round "1"]
[White "Izquierdo Millan, Cecilio"]
[Black "Amador Andujar, Gabriel"]
[Result "1-0"]
[WhiteElo "1510"]
[BlackElo "1046"]
[PlyCount "115"]
[EventDate "2018.04.08"]
[EventType "swiss"]
[EventRounds "9"]
[EventCountry "ESP"]
[SourceTitle "EXT 2019"]
[Source "ChessBase"]
[SourceDate "2018.10.10"]
[SourceVersion "1"]
[SourceVersionDate "2018.10.10"]
[SourceQuality "1"]

1. e4 e5 2. Nf3 Nc6 3. Bb5 Bc5 4. c3 d6 5. 0-0 Nf6 6. d4 a6 7. Bxc6+ bxc6 8. dxc5 Nxe4 9. cxd6 cxd6 10. Na3 Be6 11. Re1 Nf6 12. Bg5 0-0 13. Qe2 Rb8 14. Rad1 Re8 15. Nxe5 Bg4 16. f3 Rxe5 17. Qxe5 dxe5 18. Rxd8+ Rxd8 19. Bxf6 gxf6 20. fxg4 Kg7 21. Kf2 Rd2+ 22. Re2 Rd3 23. Nc4 Kg6 24. Rd2 Rxd2+ 25. Nxd2 Kg5 26. h3 h6 27. g3 f5 28. Nf3+ Kf6 29. gxf5 Kxf5 30. Ke3 f6 31. Nh4+ Ke6 32. Ke4 c5 33. Nf5 h5 34. Ng7+ Kf7 35. Nxh5 Kg6 36. g4 Kg5 37. Nxf6 Kxf6 38. h4 a5 39. a4 c4 40. Kd5 e4 41. Kxe4 Kg6 42. Kd4 Kf6 43. Kxc4 Ke5 44. Kb5 Kf4 45. g5 Kf5 46. Kxa5 Kg6 47. Kb6 Kh5 48. a5 Kg6 49. a6 Kh5 50. a7 Kg6 51. a8Q Kf5 52. Kc5 Ke6 53. Qd5+ Ke7 54. Qd6+ Kf7 55. Qf6+ Ke8 56. Qg7 Kd8 57. Kd6 Kc8 58. Qc7# 1-0

[Event "Madrid San Viator op-B 29th"]
[Site "Madrid"]
[Date "2017.11.01"]
[Round "7"]
[White "Amador Andujar, Gabriel"]
[Black "Lopez Herrero, Israel"]
[Result "0-1"]
[WhiteElo "1090"]
[BlackElo "1286"]
[PlyCount "54"]
[EventDate "2017.09.17"]
[EventType "swiss"]
[EventRounds "9"]
[EventCountry "ESP"]
[SourceTitle "EXT 2019"]
[Source "ChessBase"]
[SourceDate "2018.10.10"]
[SourceVersion "1"]
[SourceVersionDate "2018.10.10"]
[SourceQuality "1"]

1. e4 e5 2. Nf3 Nc6 3. Bc4 Bc5 4. Nc3 Nf6 5. d3 d6 6. Bg5 Bg4 7. Nd5 Nd4 8. c3 Nxf3+ 9. gxf3 Be6 10. Qd2 Bxd5 11. Bxd5 c6 12. Bc4 d5 13. Bb3 Qd6 14. d4 exd4 15. cxd4 Bb4 16. e5 Bxd2+ 17. Kxd2 Qb4+ 18. Kc2 h6 19. exf6 hxg5 20. fxg7 Rg8 21. Rae1+ Kd7 22. Re3 Qxd4 23. Kb1 Rae8 24. Rxe8 Rxe8 25. Rg1 Qd2 26. a3 Re2 27. g8Q Qxb2# 0-1

[Event "Madrid San Viator op-B 27th"]
[Site "Madrid"]
[Date "2016.10.23"]
[Round "6"]
[White "Amador Andujar, Gabriel"]
[Black "Marinas Olaya, Marta"]
[Result "0-1"]
[WhiteElo "1124"]
[BlackElo "1359"]
[PlyCount "140"]
[EventDate "2016.09.25"]
[EventType "swiss"]
[EventRounds "9"]
[EventCountry "ESP"]
[SourceTitle "EXT 2019"]
[Source "ChessBase"]
[SourceDate "2018.10.10"]
[SourceVersion "1"]
[SourceVersionDate "2018.10.10"]
[SourceQuality "1"]

1. e4 c5 2. Nf3 d6 3. Bc4 h6 4. Nc3 Nf6 5. d3 g6 6. h3 Bg7 7. Nd5 Nxd5 8. Bxd5 e6 9. Bc4 Qe7 10. Bf4 d5 11. Bb3 dxe4 12. dxe4 Bxb2 13. Rb1 Bc3+ 14. Bd2 Bf6 15. 0-0 0-0 16. Bxh6 Rd8 17. Qc1 Nc6 18. Qe3 Nb4 19. e5 Bh4 20. Nxh4 Qxh4 21. Bg5 Qd4 22. Qxd4 Rxd4 23. c3 Re4 24. cxb4 cxb4 25. Bf6 b6 26. Rfd1 Ba6 27. Rd7 Bb5 28. Rd6 Rc8 29. Rd8+ Rxd8 30. Bxd8 Rxe5 31. Bc2 Bc4 32. Rxb4 Bxa2 33. Ra4 Re1+ 34. Kh2 Bd5 35. Rxa7 Re2 36. Rd7 Rxf2 37. Bxg6 fxg6 38. Bc7 Rxg2+ 39. Kh1 Rc2+ 40. Kg1 b5 41. Rd8+ Kh7 42. Rd7+ Kg8 43. Rd8+ Kf7 44. Be5 Rg2+ 45. Kf1 Rg5 46. Bf4 Rf5 47. Rd7+ Kf6 48. Rc7 Rxf4+ 49. Ke2 b4 50. Rc5 b3 51. Rb5 Bc4+ 52. Ke3 Bxb5 53. Kxf4 b2 54. h4 b1Q 55. h5 Qf5+ 56. Ke3 gxh5 57. Kd4 Bc4 58. Kxc4 e5 59. Kc3 Qg4 60. Kd2 Qg3 61. Ke2 h4 62. Kf1 Qh2 63. Ke1 Kf5 64. Kf1 Kf4 65. Ke1 Kf3 66. Kd1 Ke3 67. Kc1 Kd3 68. Kb1 Kc3 69. Ka1 Kb3 70. Kb1 Qb2# 0-1